| 000 | 00873nam a22002897a 4500 | ||
|---|---|---|---|
| 003 | CHAP | ||
| 005 | 20220817042606.0 | ||
| 008 | 971013s1950 r 00010 d | ||
| 010 | _a49162 | ||
| 011 | _a50134 | ||
| 035 | _a54284 | ||
| 040 | _cCHAP | ||
| 090 | _aTesis | ||
| 100 | 0 | 0 |
_aVergara Castillo, Angel. _9118881 |
| 245 | _aInvestigaciones sobre el injerto del Hevea | ||
| 260 |
_aEl Palmar, Ver. : _b(s.e.), _c1950 |
||
| 300 |
_a54 h. _b: ilus. |
||
| 502 | _aTesis (Ing. Agr. Esp. en Bosques) -- ENA. Departamento de Bosques | ||
| 590 |
_aALEPH _b10 _c20130110 _lUCH01 _h1321 |
||
| 590 |
_aBATCH-UPD _b10 _c20130110 _lUCH01 _h0503 |
||
| 590 |
_aCONVERSION _b10 _c20130109 _lUCH01 _h1327 |
||
| 650 | 1 | 4 | _aHevea brasiliensis. |
| 901 | _aBK | ||
| 942 | _cFOLL | ||
| 949 |
_bBC _cTES _d-119857 _eTS1 _i54284 _si |
||
| 949 |
_bBC _cTES _d33724000690004 _eTS2 _fc.2 _i54284 _si |
||
| 999 |
_c49162 _d49162 |
||